A Map of the County of Essex from an actual survey taken in MDCCLXXII: LXXIII & MDCCLXXIV. By John Chapman & Peter Andre. (A Plan of Colchester.--Harwich Harbour.) 4 miles [ = 200 mm] (Record no. 114174)

MARC details
000 -LEADER
fixed length control field 00667cam a22001935a 4500
001 - CONTROL NUMBER
control field L156314
008 - FIXED-LENGTH DATA ELEMENTS--GENERAL INFORMATION
fixed length control field 120514s1785 xxk f 000 0 eng d
035 ## - SYSTEM CONTROL NUMBER
System control number (Sirsi) u156314
041 0# - LANGUAGE CODE
Language code of text/sound track or separate title eng
100 1# - MAIN ENTRY--PERSONAL NAME
Personal name Chapman, John
245 02 - TITLE STATEMENT
Title A Map of the County of Essex from an actual survey taken in MDCCLXXII: LXXIII & MDCCLXXIV. By John Chapman & Peter Andre. (A Plan of Colchester.--Harwich Harbour.) 4 miles [ = 200 mm]
260 ## - PUBLICATION, DISTRIBUTION, ETC.
Place of publication, distribution, etc. Colchester
Name of publisher, distributor, etc. W. Keymer
Date of publication, distribution, etc. 1785
300 ## - PHYSICAL DESCRIPTION
Extent 25 sh. & Index
Dimensions 580 x 460 mm.
583 ## - ACTION NOTE
Action Condition reviewed
Time/date of action 20110620
Status condition level 1
651 #4 - SUBJECT ADDED ENTRY--GEOGRAPHIC NAME
Geographic name Essex
690 ## - LOCAL SUBJECT ADDED ENTRY--TOPICAL TERM (OCLC, RLIN)
Topical term or geographic name as entry element Geomatics
9 (RLIN) 6242
700 1# - ADDED ENTRY--PERSONAL NAME
Personal name Andre, Peter
942 ## - ADDED ENTRY ELEMENTS (KOHA)
Suppress in OPAC 0
Holdings
Withdrawn status Lost status Source of classification or shelving scheme Damaged status Not for loan Home library Current library Shelving location Date acquired Total Checkouts Full call number Barcode Date last seen Copy number Price effective from Koha item type
    Dewey Decimal Classification     London London Historic collection 14/05/2012   ATLAS 1785 CHAPMAN 30077067 06/08/2019 1 06/08/2019 Book